Are Australia's Current Account Deficits Excessive?

Guardado en:
Detalles Bibliográficos
Autor principal: Cashin, Paul
Otros Autores: MacDermott, C. John
Formato: Libro
Lenguaje:inglés
Publicado: Washington International Monetary Fund 1996
Edición:1. ed.
Colección:IMF Working Paper 85
Materias:
Etiquetas: Agregar Etiqueta
Sin Etiquetas, Sea el primero en etiquetar este registro!

MARC

LEADER 00000nam a2200000 4500
001 c017477
005 20221205124940.0
041 0 |a eng 
044 |a US 
245 1 0 |a Are Australia's Current Account Deficits Excessive?  |c Paul Cashin, C. John MacDermott 
250 |a 1. ed. 
264 1 |a Washington  |b International Monetary Fund  |c 1996 
300 |a 73 s. 
490 1 |a IMF Working Paper  |v 85 
830 0 |a IMF Working Paper  |v 85 
610 2 0 |a účty bežné 
610 2 0 |a deficit 
610 2 0 |a rovnováha finančná 
610 2 0 |a kontrola finančná 
610 2 0 |a úspory finančné 
610 2 0 |a inflácia 
610 2 0 |a spolupráca medzinárodná 
610 2 0 |a predvídanie krátkodobé 
610 2 0 |a prognózovanie 
610 2 0 |a prognózy 
610 2 0 |a prognózy hospodárske 
610 2 0 |a modely prognostické 
610 2 0 |a metódy prognostické 
610 2 0 |a Austrália 
610 2 0 |a 1954-1994 
100 1 |a Cashin, Paul 
700 1 |a MacDermott, C. John